| 000 | 00433nam a2200169Ia 4500 | ||
|---|---|---|---|
| 008 | 220805s9999 xx 000 0 und d | ||
| 020 | _a0-86636-054-9 | ||
| 041 | _aeng | ||
| 082 | _a747'.8571'0973 | ||
| 100 |
_aAlejandro, Reynaldo _987111 |
||
| 260 |
_aNew York _bPBC International _c1987 |
||
| 245 | _aRestaurant design | ||
| 250 | _a1 | ||
| 300 | _a252 | ||
| 650 |
_aInterior decoration _987112 |
||
| 650 |
_aUnited state _987113 |
||
| 999 |
_c47830 _d47830 |
||